Statistics for Countries With the Most Diabetes

Click here to take the quiz!

General Stats

  • This quiz has been taken 137 times
  • The average score is 15 of 30

Answer Stats

PercentageCountry% Correct
15.8Mexico
80%
20.0Saudi Arabia
66%
13.8Fiji
62%
20.0Kuwait
62%
19.3United Arab Emirates
62%
20.9Palau
61%
20.0Qatar
61%
17.3Tuvalu
61%
16.7Egypt
60%
18.6Kiribati
60%
16.3Micronesia
59%
14.8Oman
58%
13.7Tonga
58%
21.3Marshall Islands
56%
16.4Solomon Islands
56%
16.6Vanuatu
53%
19.6Bahrain
51%
12.6Dominica
45%
13.0Saint Kitts and Nevis
42%
15.3Papua New Guinea
41%
13.0Lebanon
40%
13.2Bahamas
39%
13.6Barbados
39%
13.6Antigua and Barbuda
37%
13.6Trinidad and Tobago
36%
16.5Belize
34%
22.3Mauritius
33%
17.4Seychelles
33%
13.7Brunei
32%
17.9Malaysia
27%

Score Distribution

Percentile by Number Answered

Percent of People with Each Score

Your Score History

You have not taken this quiz